Datum a čas kvízu
31
Celkem bodů
Celkový počet nahraných bodů na tomto kvízu bez doplňovacích otázek.
3.
Pořadí na kvízu
Konečné umístění týmu na tomto kvízu.
Zaznamenané odpovědi
| # | Otázka | Odpověď | Body | Výsledky |
|---|---|---|---|---|
| 1. | Praha plánuje přejmenovat námě... | Boris Němcov | 1 | |
| 2. | Když policejní oddělení v Seve... | Sauron | 1 | |
| 3. | Obvykle se naše aktuální událo... | Ivan Král | 1 | |
| 4. | Svět mobilních telefonů minulý... | Blackberry | 1 | |
| 5. | Letošní 54. Super Bowl, neboli... | Kansas City Chiefs, San Francisco 49ers | 0.5 | |
| 6. | Další díl naší cesty kolem svě... | Washington, Wisconsin, Wyoming | 1 | |
| 7. | Ve kterém roce došlo dne 4. če... | v roce 1776 | 0 | |
| 8. | Fakt, že se ve Spojených státe... | 1D 2C 3A 4B | 0 | |
| 9. | Která řeka "vyřezala" do kraji... | A | 1 | |
| 10. | Ze Spojených států pochází nep... | Katy Perry | 1 |